| 000 | 00445cam a2200181ua 4500 | ||
|---|---|---|---|
| 001 | 11152 | ||
| 008 | 190830n ii |||gr||||Z||||||eng | ||
| 020 | _a9789331329134 | ||
| 040 | _cMAIN | ||
| 041 | _aeng | ||
| 082 | _a370.15 | ||
| 100 |
_aG Singaravelu, _eAuthor. |
||
| 245 |
_aEducational Psychology _cBy G Singaravelu |
||
| 260 |
_aNew Delhi: _bAPH publishing corporation, _c2016. |
||
| 300 | _a180p. | ||
| 653 | _aEducation | ||
| 942 | _cBK | ||
| 999 |
_c10015 _d10015 |
||